Korean patterns
Na minha lista:
| Autor principal: | |
|---|---|
| Formato: | Livro |
| Idioma: | Undetermined |
| Publicado em: |
Korea
Taewon Publishing Company
1967
|
| Assuntos: | |
| Tags: |
Adicionar Tag
Sem tags, seja o primeiro a adicionar uma tag!
|
| Thư viện lưu trữ: | Trung tâm Học liệu Trường Đại học Cần Thơ |
|---|
| LEADER | 00526nam a2200193Ia 4500 | ||
|---|---|---|---|
| 001 | CTU_91808 | ||
| 008 | 210402s9999 xx 000 0 und d | ||
| 082 | |a 915.19 | ||
| 082 | |b C891 | ||
| 100 | |a Crane, Paul S. | ||
| 245 | 0 | |a Korean patterns | |
| 245 | 0 | |c Paul S. Crane | |
| 260 | |a Korea | ||
| 260 | |b Taewon Publishing Company | ||
| 260 | |c 1967 | ||
| 650 | |a National characteristics, korean,Korea | ||
| 650 | |x Social life and customs | ||
| 904 | |i Mai Loan | ||
| 980 | |a Trung tâm Học liệu Trường Đại học Cần Thơ | ||